000 00284nam a2200097 a 4500
005 20200930065710.0
008 110719s2004 000 spa d
245 0 _aEnsayo acerca de la terminología y la clasificación de cuentas en contabilidad.
260 _c[s.f.].
999 _c32035
_d32035
040 _aDO-SdBNP